000 00415nam a2200169Ia 4500
005 20250603145703.0
008 250603s9999 xx 000 0 und d
020 _a9782787701
050 _aKP 77 .S2/
100 _aSasegbon, Deji
245 0 _aSasegbon's laws of Nigeria: an encyclopaedia of Nigeran law and practice
260 _aLagos
260 _bDSC
260 _c2005
650 _aLagos
942 _cBK
999 _c42559
_d42559